វិធានការណ៍ការពារ និង ព្យាបាលជម្ងឺ Demoex bovis, (Record no. 1566)
[ view plain ]
| 000 -LEADER | |
|---|---|
| fixed length control field | 00510nam a22001577a 4500 |
| 003 - CONTROL NUMBER IDENTIFIER | |
| control field | OSt |
| 005 - DATE AND TIME OF LATEST TRANSACTION | |
| control field | 20151001102535.0 |
| 008 - FIXED-LENGTH DATA ELEMENTS--GENERAL INFORMATION | |
| fixed length control field | 151001b xxu||||| |||| 00| 0 eng d |
| 040 ## - CATALOGING SOURCE | |
| Transcribing agency | RUA |
| 082 ## - DEWEY DECIMAL CLASSIFICATION NUMBER | |
| Classification number | AVM ស្រេង 1993 B067 Or.1 |
| 100 ## - MAIN ENTRY--PERSONAL NAME | |
| 9 (RLIN) | 1661 |
| Personal name | ស្រេងសុខសេង |
| 245 ## - TITLE STATEMENT | |
| Title | វិធានការណ៍ការពារ និង ព្យាបាលជម្ងឺ Demoex bovis, |
| 260 ## - PUBLICATION, DISTRIBUTION, ETC. (IMPRINT) | |
| Place of publication, distribution, etc. | phnom penh |
| Name of publisher, distributor, etc. | RUA |
| Date of publication, distribution, etc. | 1993 |
| 300 ## - PHYSICAL DESCRIPTION | |
| Extent | 70p. |
| Other physical details | ill. |
| Dimensions | 29cm. |
| 942 ## - ADDED ENTRY ELEMENTS (KOHA) | |
| Source of classification or shelving scheme | |
| Koha item type | AVM |
| Price effective from | Date last seen | Permanent Location | Not for loan | Date acquired | Source of classification or shelving scheme | Koha item type | Barcode | Lost status | Damaged status | Shelving location | Withdrawn status | Current Location | Full call number |
|---|---|---|---|---|---|---|---|---|---|---|---|---|---|
| 2015-10-01 | 2015-10-01 | Library Block B | 2015-10-01 | AVM | RUA007435 | B067 | Library Block B | AVM ស្រេង 1993 B067 Or.1 | |||||
| 2015-10-01 | 2015-10-01 | Library Block B | 2015-10-01 | AVM | RUA007530 | B067 | Library Block B | AVM ស្រេង 1993 B067 Or.2 | |||||
| 2015-10-01 | 2015-10-01 | Library Block B | 2015-10-01 | AVM | RUA007037 | B067 | Library Block B | AVM ស្រេង 1993 B067 Or.3 | |||||
| 2015-10-01 | 2015-10-01 | Library Block B | 2015-10-01 | AVM | RUA008015 | B067 | Library Block B | AVM ស្រេង 1993 B067 Or.4 | |||||
| 2015-10-01 | 2015-10-01 | Library Block B | 2015-10-01 | AVM | RUA008373 | B067 | Library Block B | AVM ស្រេង 1993 B067 Or.5 | |||||
| 2015-10-01 | 2015-10-01 | Library Block B | 2015-10-01 | AVM | RUA008233 | B067 | Library Block B | AVM ស្រេង 1993 B067 Or.6 | |||||
| 2015-10-01 | 2015-10-01 | Library Block B | 2015-10-01 | AVM | RUA008229 | B067 | Library Block B | AVM ស្រេង 1993 B067 Or.7 | |||||
| 2015-10-01 | 2015-10-01 | Library Block B | 2015-10-01 | AVM | RUA007054 | B067 | Library Block B | AVM ស្រេង 1993 B067 Or.8 |